<?xml version="1.0" encoding="UTF-8"?>
<marc:record xmlns:marc="http://www.loc.gov/MARC21/slim">
   <marc:leader>00000nam a2200000 a 4500</marc:leader>
   <marc:datafield ind1="1" ind2=" " tag="100">
      <marc:subfield code="a">Dronfield, Jeremy</marc:subfield>
      <marc:subfield code="4">aut</marc:subfield>
      <marc:subfield code="e">Verfasser/-in</marc:subfield>
   </marc:datafield>
   <marc:datafield ind1=" " ind2=" " tag="653">
      <marc:subfield code="a">Holocaust Gedenktag</marc:subfield>
   </marc:datafield>
   <marc:datafield ind1=" " ind2=" " tag="653">
      <marc:subfield code="a">KZ Buchenwald</marc:subfield>
   </marc:datafield>
   <marc:datafield ind1=" " ind2=" " tag="653">
      <marc:subfield code="a">Konzentrationslager Buch</marc:subfield>
   </marc:datafield>
   <marc:datafield ind1=" " ind2=" " tag="653">
      <marc:subfield code="a">wahre Geschichten Bücher</marc:subfield>
   </marc:datafield>
   <marc:datafield ind1=" " ind2=" " tag="653">
      <marc:subfield code="a">Der Tätowierer von Auschwitz</marc:subfield>
   </marc:datafield>
   <marc:datafield ind1=" " ind2=" " tag="653">
      <marc:subfield code="a">Gustav Kleinmann</marc:subfield>
   </marc:datafield>
   <marc:datafield ind1=" " ind2=" " tag="653">
      <marc:subfield code="a">Auschwitz Buch</marc:subfield>
   </marc:datafield>
   <marc:datafield ind1=" " ind2=" " tag="653">
      <marc:subfield code="a">John Boyne</marc:subfield>
   </marc:datafield>
   <marc:datafield ind1=" " ind2=" " tag="653">
      <marc:subfield code="a">Nationalsozialismus</marc:subfield>
   </marc:datafield>
   <marc:datafield ind1=" " ind2=" " tag="653">
      <marc:subfield code="a">Schoah</marc:subfield>
   </marc:datafield>
   <marc:datafield ind1=" " ind2=" " tag="653">
      <marc:subfield code="a">Schindlers Liste</marc:subfield>
   </marc:datafield>
   <marc:datafield ind1=" " ind2=" " tag="653">
      <marc:subfield code="a">Zweiter Weltkrieg</marc:subfield>
   </marc:datafield>
   <marc:datafield ind1=" " ind2=" " tag="653">
      <marc:subfield code="a">Sam Pivnik</marc:subfield>
   </marc:datafield>
   <marc:datafield ind1=" " ind2=" " tag="653">
      <marc:subfield code="a">Fritz Kleinmann</marc:subfield>
   </marc:datafield>
   <marc:datafield ind1=" " ind2=" " tag="653">
      <marc:subfield code="a">Tagebücher Zweiter Weltkrieg</marc:subfield>
   </marc:datafield>
   <marc:datafield ind1=" " ind2=" " tag="653">
      <marc:subfield code="a">Der letzte Überlebende</marc:subfield>
   </marc:datafield>
   <marc:datafield ind1=" " ind2=" " tag="653">
      <marc:subfield code="a">Schicksale</marc:subfield>
   </marc:datafield>
   <marc:datafield ind1=" " ind2=" " tag="653">
      <marc:subfield code="a">Auschwitz Überlebende</marc:subfield>
   </marc:datafield>
   <marc:datafield ind1=" " ind2=" " tag="653">
      <marc:subfield code="a">Der Junge mit dem gestreiften Pyjama</marc:subfield>
   </marc:datafield>
   <marc:datafield ind1=" " ind2=" " tag="653">
      <marc:subfield code="a">Heather Morris</marc:subfield>
   </marc:datafield>
   <marc:datafield ind1=" " ind2=" " tag="653">
      <marc:subfield code="a">Tagebücher KZ</marc:subfield>
   </marc:datafield>
   <marc:datafield ind1=" " ind2=" " tag="653">
      <marc:subfield code="a">Konzentrationslager Überlebende</marc:subfield>
   </marc:datafield>
   <marc:datafield ind1=" " ind2=" " tag="653">
      <marc:subfield code="a">Autobiographien</marc:subfield>
   </marc:datafield>
   <marc:datafield ind1=" " ind2=" " tag="653">
      <marc:subfield code="a">Erlebnisbericht</marc:subfield>
   </marc:datafield>
   <marc:datafield ind1="0" ind2="0" tag="245">
      <marc:subfield code="a">Der Junge, der seinem Vater nach Auschwitz folgte</marc:subfield>
   </marc:datafield>
   <marc:datafield ind1="0" ind2="0" tag="245">
      <marc:subfield code="b">eine wahre Geschichte</marc:subfield>
   </marc:datafield>
   <marc:datafield ind1="0" ind2="0" tag="245">
      <marc:subfield code="c">Jeremy Dronfield ; aus dem Englischen von Ulrike Strerath-Bolz</marc:subfield>
   </marc:datafield>
   <marc:datafield ind1=" " ind2="1" tag="264">
      <marc:subfield code="a">München</marc:subfield>
      <marc:subfield code="b">Droemer Taschenbuch</marc:subfield>
   </marc:datafield>
   <marc:datafield ind1=" " ind2=" " tag="250">
      <marc:subfield code="a">Eigenlizenz</marc:subfield>
   </marc:datafield>
   <marc:datafield ind1="1" ind2=" " tag="520">
      <marc:subfield code="a">Angaben aus der Verlagsmeldung

Der Junge, der seinem Vater nach Auschwitz folgte : Eine wahre Geschichte The Boy Who Followed His Father into Auschwitz Dronfield, Der Junge, der seinem Vater nach Auschwitz folgte / von Jeremy Dronfield

Der SPIEGEL-Bestseller über die unglaubliche Geschichte von Gustav und Fritz Kleinmann während der Shoah

Fritz Kleinmann fasst einen unglaublichen Beschluss. Da er seinen Vater nicht alleinlassen will, folgt er ihm nach Auschwitz. Jeremy Dronfields Bestseller „Der Junge, der seinem Vater nach Auschwitz folgte“ ist ein eindringliches Plädoyer gegen das Vergessen. Basierend auf den geheimen Tagebüchern des jüdischen KZ-Häftlings Gustav Kleinmann, erzählt der Autor in diesem historischen Sachbuch die Geschichte von Gustav und seinem Sohn Fritz, die den „Todesfabriken“ der Nazis entkamen.

Eine Geschichte von unermesslicher Grausamkeit, doch auch von Menschlichkeit, Mut und Hoffnung.

1939 werden Gustav Kleinmann, ein jüdischer Polsterer aus Wien, und sein sechzehnjähriger Sohn Fritz mit hunderten anderen jüdischen Männern von der SS festgenommen. Aus dem Kreis ihrer Familie gerissen, werden die beiden zunächst nach Deutschland deportiert. Im KZ Buchenwald zur Zwangsarbeit im Steinbruch eingeteilt, gehören sie zu den Häftlingen, die das Lager überhaupt erst mitaufbauen. Nach einiger Zeit wird Gustav – schwer gezeichnet von den unmenschlichen Zuständen – für die Deportation nach Auschwitz selektiert. Doch für Sohn Fritz ist der Gedanke von seinem Vater getrennt zu werden unerträglich. Trotz seines Wissens darum, dass niemand aus Auschwitz zurückkehrt, erklärt sich Fritz freiwillig bereit, seinen Vater zu begleiten. So beginnt für die beiden ein Leidensweg, der noch brutaler, noch hoffnungsloser ist, als alles, was sie bis dahin erlebt haben – und den Vater und Sohn doch gemeinsam überstehen.

»Die Geschichte, die in „Der Junge, der seinem Vater nach Auschwitz folgte“ erzählt wird, ist einzigartig; sie gleicht einem Wunder.«

The Times

»Umso erschütternder, da eine ganz und gar wahre Geschichte. Dieses Buch erscheint zur rechten Zeit und verdient die größtmögliche Leserschaft.«
Daily Express

</marc:subfield>
   </marc:datafield>
   <marc:datafield ind1=" " ind2=" " tag="020">
      <marc:subfield code="a">9783426302309</marc:subfield>
      <marc:subfield code="9">9783426302309</marc:subfield>
   </marc:datafield>
   <marc:datafield ind1=" " ind2=" " tag="020">
      <marc:subfield code="a">3426302306</marc:subfield>
      <marc:subfield code="9">3426302306</marc:subfield>
   </marc:datafield>
   <marc:datafield ind1=" " ind2=" " tag="041">
      <marc:subfield code="a">ger</marc:subfield>
   </marc:datafield>
   <marc:datafield ind1=" " ind2=" " tag="300">
      <marc:subfield code="a">459 Seiten</marc:subfield>
   </marc:datafield>
</marc:record>
